| 000 | 00743nam a2200229 u 4500 | ||
|---|---|---|---|
| 005 | 20240803063728.0 | ||
| 008 | 150512s2005 es r 000 0 spa d | ||
| 020 | _a8493416037 | ||
| 035 | _aUPN01000203412 | ||
| 049 | _aI | ||
| 050 | 4 |
_aPQ6613 A763 _bA3.3 |
|
| 100 | 1 |
_aAguilar, José, _d1966- _937173 |
|
| 245 | 1 | 0 |
_a4 poemas de Lorca y un viaje a Nueva York ; _bel lagarto esta llorando / _ctexto e il. José Aguilar. |
| 260 |
_aValencia, [Esp.] : _bVersos y Trazos, _c2005. |
||
| 300 |
_a[34] p. : _bil. col. |
||
| 440 | 3 |
_aPoetas para todos ; _v1 |
|
| 600 | 1 | 4 |
_aGARCIA LORCA, FEDERICO, _d1898-1936 |
| 650 | 4 |
_aPoesía española _91237 |
|
| 650 | 7 |
_aLibros ilustrados para niños _2 _921365 |
|
| 905 | _aInfantil | ||
| 999 |
_c175513 _d175513 |
||